Analýza výhod uplatnenia projektového financovania pri veľkých investičných projektoch
Financovanie veľkých investičných projektov spojené s vytvorením SPV. Mimosúvahové financovanie vo vzťahu k finančnej flexibilite podniku. Rozhodovanie o forme a zdrojoch financovania veľkých investičných projektov. Prínosy projektového financovania.
Salvato in:
| Autore principale: | |
|---|---|
| Altri autori: | |
| Natura: | Capitolo di libro |
| Lingua: | slovacco |
| Soggetti: | |
| Tags: |
Nessun Tag, puoi essere il primo ad aggiungerne!!
|
MARC
| LEADER | 00000naa$a2200000$$$4500 | ||
|---|---|---|---|
| 001 | 0181156 | ||
| 005 | 20240502073114.4 | ||
| 041 | 0 | |a slo | |
| 044 | |a SK | ||
| 245 | 1 | 0 | |a Analýza výhod uplatnenia projektového financovania pri veľkých investičných projektoch |c Ján Harajdič, Oľga Miková |
| 520 | |a Financovanie veľkých investičných projektov spojené s vytvorením SPV. Mimosúvahové financovanie vo vzťahu k finančnej flexibilite podniku. Rozhodovanie o forme a zdrojoch financovania veľkých investičných projektov. Prínosy projektového financovania. | ||
| 610 | 2 | 0 | |a projekty investičné |
| 610 | 2 | 0 | |a financovanie investícií |
| 610 | 2 | 0 | |a financovanie projektové |
| 610 | 2 | 0 | |a formy financovania |
| 610 | 2 | 0 | |a zdroje finančné |
| 100 | 1 | |a Harajdič, Ján | |
| 700 | 1 | |a Miková, Oľga | |